00381nam a2200145Ia 4500008004100000020001500041041001200056082001100068100001900079245006600098260003900164300000800203650000800211700001600219221030s9999 xx 000 0 und d a8177000160 aEnglish a105.23 aS. Salivahanan 0aElectronic Devices & Circuitscby S. Salivahanan, N. S. Kumar bMcGraw Hill Pub.aNew Delhic2010 a980 aECE aN. S. Kumar